000 01175cam a22002651 4500
001 83308)
003 BD-RjUL
005 20240311154702.0
008 240311s1960 ir b 000 0 perr
035 _a(BD-RjUL)83308)
040 _aDLC
_beng
_cEYM
_dOCLCQ
_dOCLCO
_dOCLCA
_dDLC
041 _aper
082 _223
_a973
_bSHI 1960
100 1 _a‏ شيبانى٫ مجير،. ;; Shaybānī, Mujīr
_d1920-
_912220
245 1 0 _a‏انقلاب و استقلال آمريكا ;; Inqilāb va istiqlāl-i Āmrīkā /
_c‏تأليف مجىر شىبانى. ;; taʼlīf-i Mujīr Shaybānī.
260 _aTihrān :تهران :
_b‏انتشارات دانشگاه تهران،‏ ;; Intishārāt-i Dānishgāh-i Tihrān,
_c[1960]
300 _a100 pages ;
_c24 cm.
490 1 _a‏انتشارات دانشگاه تهران ؛‏ ;; Intishārāt-i Dānishgāh-i Tihrān ;
_v82
500 _aCover title: Revolution and independence of the United States of America, by Modjir Sheybany.
504 _aIncludes bibliographical references
651 0 _aUnited States
_xHistory.
_95624
651 7 _aUnited States.
_2fast
942 _2ddc
_cBK
999 _c83308
_d83308